000
00279nam a2200109Ia 4500
008
221009s9999 xx 000 0 und d
082
_a
342
100
_a
Basu, Durga Das
_9
3297
245
0
_a
Comparative Constitional Law
260
_b
Prentice Hall Of India Pvt. Ltd.
942
_c
BK
999
_c
64785
_d
64785